Statistics for Closest countries to China

Click here to take the quiz!

General Stats

  • This quiz has been taken 44 times
  • The average score is 22 of 26

Answer Stats

Km Answer % Correct
547Japan
100%
0North Korea
100%
265South Korea
100%
0India
98%
0Vietnam
98%
0Russia
98%
117Thailand
95%
0Nepal
95%
0Bhutan
95%
0Laos
95%
0Mongolia
95%
152Taiwan
95%
0Pakistan
91%
0Kazakhstan
91%
0Myanmar
88%
524Cambodia
88%
130Malaysia
88%
0Tajikistan
86%
76Philippines
84%
0Afghanistan
81%
0Kyrgyzstan
81%
116Uzbekistan
79%
136Brunei
63%
0Hong Kong
53%
0Macau
47%
256Indonesia
26%

Score Distribution

Percentile by Number Answered

Percent of People with Each Score

Your Score History

You have not taken this quiz